[Event "Berlin-ch Seniors op 25th"]
[Site "Berlin"]
[Date "2009.02.20"]
[Round "9.18"]
[White "Jugow, Alexander"]
[Black "Hiller, Bernd"]
[Result "1-0"]
[WhiteElo "2174"]
[BlackElo "1825"]
[PlyCount "45"]
[EventDate "2009.02.12"]
[EventType "swiss"]
[EventRounds "9"]
[EventCountry "GER"]
[SourceTitle "EXT 2022"]
[Source "ChessBase"]
[SourceDate "2021.10.06"]
[SourceVersion "1"]
[SourceVersionDate "2021.10.06"]
[SourceQuality "1"]

1. d4 d5 2. c4 e5 3. dxe5 d4 4. Nf3 Nc6 5. Bf4 Bb4+ 6. Nbd2 Bg4 7. a3 Bxd2+ 8. Qxd2 Bxf3 9. exf3 Qd7 10. 0-0-0 0-0-0 11. Bg5 f6 12. exf6 Nxf6 13. Bd3 Rde8 14. Rhe1 Qf7 15. Kb1 Nd7 16. Qf4 Qxf4 17. Bxf4 Nde5 18. Bf5+ Kb8 19. Bxe5 Nxe5 20. Rxd4 Nf7 21. Rxe8+ Rxe8 22. Bxh7 Nd6 23. c5 1-0

[Event "Berlin-ch Seniors op 25th"]
[Site "Berlin"]
[Date "2009.02.18"]
[Round "7"]
[White "Jugow, Alexander"]
[Black "Nietsch, Horst"]
[Result "0-1"]
[WhiteElo "2174"]
[BlackElo "2013"]
[PlyCount "77"]
[EventDate "2009.02.12"]
[EventType "swiss"]
[EventRounds "9"]
[EventCountry "GER"]
[SourceTitle "EXT 2022"]
[Source "ChessBase"]
[SourceDate "2021.10.06"]
[SourceVersion "1"]
[SourceVersionDate "2021.10.06"]
[SourceQuality "1"]

1. d4 e6 2. e4 d5 3. Nd2 Nf6 4. e5 Nfd7 5. Bd3 c5 6. c3 Nc6 7. Ngf3 Be7 8. 0-0 Qb6 9. dxc5 Nxc5 10. Bc2 0-0 11. b4 Nd7 12. Qe2 Qc7 13. Re1 Nxb4 14. Bxh7+ Kxh7 15. cxb4 Qc2 16. Rb1 Nb6 17. Nd4 Qg6 18. Rb3 f5 19. exf6 Bxf6 20. Rg3 Qf7 21. Rh3+ Kg8 22. Qd3 Re8 23. Qh7+ Kf8 24. N2f3 e5 25. Nf5 Bxf5 26. Qxf5 e4 27. Ng5 Qd7 28. Qg6 Ke7 29. Nh7 Qe6 30. Nxf6 gxf6 31. Rh7+ Kd8 32. Bf4 Nd7 33. Qg3 Rc8 34. Rd1 Rc4 35. Qe3 a6 36. a3 Qf5 37. Rg7 b6 38. g4 Qe6 39. g5 0-1

[Event "Berlin-ch Seniors op 25th"]
[Site "Berlin"]
[Date "2009.02.16"]
[Round "5"]
[White "Fiedler, Wolfgang2222"]
[Black "Jugow, Alexander"]
[Result "0-1"]
[WhiteElo "1958"]
[BlackElo "2174"]
[PlyCount "50"]
[EventDate "2009.02.12"]
[EventType "swiss"]
[EventRounds "9"]
[EventCountry "GER"]
[SourceTitle "EXT 2022"]
[Source "ChessBase"]
[SourceDate "2021.10.06"]
[SourceVersion "1"]
[SourceVersionDate "2021.10.06"]
[SourceQuality "1"]

1. g3 d5 2. Bg2 c5 3. c4 d4 4. d3 Nc6 5. Nd2 e5 6. Nh3 Nf6 7. 0-0 Bd6 8. Ng5 0-0 9. Nge4 Nxe4 10. Nxe4 Be7 11. Nd2 Be6 12. Re1 f5 13. f3 Bg5 14. Nf1 f4 15. Bd2 Qd7 16. Qc1 h5 17. a3 Ne7 18. gxf4 Bxf4 19. e3 dxe3 20. Bxe3 Ng6 21. Qc3 Bh3 22. Bf2 Bxg2 23. Kxg2 Rf5 24. Ng3 Rg5 25. Kh1 Qh3 0-1

[Event "Berlin-ch Seniors op 25th"]
[Site "Berlin"]
[Date "2009.02.15"]
[Round "4"]
[White "Jugow, Alexander"]
[Black "Reichenbach, Werner"]
[Result "0-1"]
[WhiteElo "2174"]
[BlackElo "2288"]
[PlyCount "94"]
[EventDate "2009.02.12"]
[EventType "swiss"]
[EventRounds "9"]
[EventCountry "GER"]
[SourceTitle "EXT 2022"]
[Source "ChessBase"]
[SourceDate "2021.10.06"]
[SourceVersion "1"]
[SourceVersionDate "2021.10.06"]
[SourceQuality "1"]

1. d4 d5 2. c4 c6 3. Nf3 Nf6 4. Nc3 e6 5. Bg5 h6 6. Bxf6 Qxf6 7. Qb3 Qd8 8. e4 dxe4 9. Nxe4 Qa5+ 10. Nc3 Nd7 11. Be2 Be7 12. 0-0 0-0 13. Rad1 Nf6 14. Rfe1 Qc7 15. Bd3 b6 16. Bb1 Rd8 17. Qc2 Bf8 18. Ne5 g6 19. Re3 Bg7 20. Rf3 Rf8 21. h4 h5 22. Ne4 Ng4 23. Nxg4 hxg4 24. Rg3 Qf4 25. c5 e5 26. dxe5 Bxe5 27. cxb6 axb6 28. Qxc6 Bf5 29. Nc3 Bd4 30. Rxd4 Qxd4 31. Bxf5 gxf5 32. Qb5 Ra5 33. Qd3 Rd8 34. Qe3 Qxe3 35. fxe3 Rd3 36. Kf2 Rd2+ 37. Kg1 Kg7 38. e4 Kg6 39. exf5+ Kxf5 40. Re3 Re5 41. Rxe5+ Kxe5 42. h5 f5 43. g3 Rxb2 44. h6 Kf6 45. Nd5+ Kg6 46. Ne7+ Kxh6 47. Nxf5+ Kg5 0-1

[Event "GER-chT Seniors 17th"]
[Site "Berlin"]
[Date "2008.09.06"]
[Round "7"]
[White "Jugow, Alexander"]
[Black "Fischer, Gerd"]
[Result "0-1"]
[WhiteElo "2200"]
[BlackElo "2125"]
[PlyCount "72"]
[EventDate "2008.08.31"]
[EventType "team-swiss"]
[EventRounds "7"]
[EventCountry "GER"]
[SourceTitle "CBM 126 Extra"]
[Source "ChessBase"]
[SourceDate "2008.11.05"]
[SourceVersion "1"]
[SourceVersionDate "2008.11.05"]
[SourceQuality "1"]

1. d4 c5 2. d5 d6 3. c4 Nf6 4. Nc3 e5 5. e4 Be7 6. Nf3 Bg4 7. h3 Bh5 8. Bd3 Nbd7 9. Be3 a6 10. a3 Bg6 11. Qd2 b5 12. Qc2 bxc4 13. Bxc4 0-0 14. Nh4 a5 15. Nf5 Bxf5 16. exf5 Nb6 17. Ba2 Rb8 18. 0-0 Qd7 19. Rad1 Rfe8 20. f4 e4 21. g4 Bf8 22. Bf2 e3 23. Bh4 Na4 24. Rfe1 Rxb2 25. Qxa4 Qxa4 26. Nxa4 Rxa2 27. Rd3 Rd2 28. Rdxe3 Rxe3 29. Rxe3 Nxd5 30. Re8 f6 31. Be1 Ra2 32. Bxa5 Rxa3 33. Re4 Kf7 34. Bd8 Rxh3 35. Kg2 Rb3 36. Ba5 Ne3+ 0-1

[Event "GER-chT Seniors 17th"]
[Site "Berlin"]
[Date "2008.09.05"]
[Round "6"]
[White "Walter, Guenter"]
[Black "Jugow, Alexander"]
[Result "1-0"]
[WhiteElo "2082"]
[BlackElo "2200"]
[PlyCount "119"]
[EventDate "2008.08.31"]
[EventType "team-swiss"]
[EventRounds "7"]
[EventCountry "GER"]
[SourceTitle "CBM 126 Extra"]
[Source "ChessBase"]
[SourceDate "2008.11.05"]
[SourceVersion "1"]
[SourceVersionDate "2008.11.05"]
[SourceQuality "1"]

1. d4 d5 2. c4 c6 3. Nf3 Nf6 4. Nc3 e6 5. e3 Nbd7 6. Bd3 dxc4 7. Bxc4 b5 8. Bd3 a6 9. e4 c5 10. e5 cxd4 11. Nxb5 axb5 12. exf6 gxf6 13. 0-0 Qb6 14. Be4 Ra7 15. Nxd4 Bc5 16. Nb3 Ra4 17. Nxc5 Qxc5 18. Be3 Qe5 19. Bc6 Ke7 20. Qb3 Rh4 21. g3 Rg8 22. Qxb5 Qxb5 23. Bxb5 f5 24. Rac1 f4 25. Rxc8 Rxc8 26. gxh4 fxe3 27. Bxd7 Kxd7 28. fxe3 f5 29. Kg2 Kd6 30. Kf3 Rc4 31. h3 Rxh4 32. Kg3 Re4 33. Rd1+ Ke5 34. Rd3 Rb4 35. b3 Ke4 36. Rc3 Rb7 37. a4 Ra7 38. Kf2 e5 39. Ke2 h5 40. Rc4+ Kd5 41. Kd3 Rg7 42. a5 e4+ 43. Kd2 Rg2+ 44. Kc1 Rg1+ 45. Kb2 f4 46. exf4 e3 47. Rc2 Kd4 48. b4 Kd3 49. b5 Ra1 50. Rc3+ Kd4 51. Rxe3 Rxa5 52. Re5 h4 53. Kb3 Ra1 54. Rh5 Rb1+ 55. Ka4 Kc4 56. Ka5 Ra1+ 57. Kb6 Rb1 58. Kc6 Rg1 59. b6 Rg3 60. b7 1-0

[Event "GER-chT Seniors 17th"]
[Site "Berlin"]
[Date "2008.09.04"]
[Round "5"]
[White "Jugow, Alexander"]
[Black "Ljubarskij, Jurij"]
[Result "1-0"]
[WhiteElo "2200"]
[BlackElo "2314"]
[PlyCount "117"]
[EventDate "2008.08.31"]
[EventType "team-swiss"]
[EventRounds "7"]
[EventCountry "GER"]
[SourceTitle "CBM 126 Extra"]
[Source "ChessBase"]
[SourceDate "2008.11.05"]
[SourceVersion "1"]
[SourceVersionDate "2008.11.05"]
[SourceQuality "1"]

1. d4 d5 2. c4 c6 3. Nf3 Nf6 4. Nc3 e6 5. Bg5 h6 6. Bxf6 Qxf6 7. Qb3 Nd7 8. e4 dxe4 9. Nxe4 Qd8 10. Bd3 Qa5+ 11. Nc3 Bd6 12. 0-0 0-0 13. Rfe1 e5 14. Qc2 exd4 15. Nxd4 Qh5 16. h3 Ne5 17. Be2 Qh4 18. Qe4 Qf6 19. Rad1 Bc5 20. Nf3 Ng6 21. Qc2 Bf5 22. Bd3 Bxd3 23. Rxd3 Nf4 24. Ne4 Qg6 25. Nh4 Qe6 26. Rdd1 Qe5 27. Nxc5 Qxc5 28. Qe4 Ne6 29. Nf5 h5 30. Nd6 Rab8 31. a3 a5 32. Qe5 b6 33. Nxf7 Rbe8 34. Qxc5 Nxc5 35. Ne5 Re6 36. b4 axb4 37. axb4 Nb7 38. Nd7 Rxe1+ 39. Rxe1 Rf4 40. Nxb6 Kf7 41. f3 Nd6 42. Rc1 h4 43. Kf2 Rd4 44. b5 cxb5 45. c5 Nc4 46. Nxc4 bxc4 47. Ke3 Rd3+ 48. Ke4 Rd2 49. Rxc4 Rxg2 50. c6 Re2+ 51. Kd5 Rd2+ 52. Kc5 Ke7 53. Re4+ Kd8 54. Rd4+ Rxd4 55. Kxd4 Kc7 56. Kd5 g5 57. Kc5 Kc8 58. Kd6 Kd8 59. Ke5 1-0

[Event "GER-ch Seniors-A 20th"]
[Site "Erfurt"]
[Date "2008.08.11"]
[Round "7"]
[White "Just, Gabriele"]
[Black "Jugow, Alexander"]
[Result "0-1"]
[WhiteElo "1855"]
[BlackElo "2068"]
[PlyCount "50"]
[EventDate "2008.08.05"]
[EventType "swiss"]
[EventRounds "9"]
[EventCountry "GER"]
[SourceTitle "CBM 126 Extra"]
[Source "ChessBase"]
[SourceDate "2008.11.05"]
[SourceVersion "1"]
[SourceVersionDate "2008.11.05"]
[SourceQuality "1"]

1. d4 d5 2. Nf3 Nf6 3. Bf4 c6 4. c3 e6 5. Nbd2 c5 6. e3 Nc6 7. Bd3 Be7 8. 0-0 Nh5 9. Be5 f6 10. Ne1 g6 11. g4 fxe5 12. gxh5 e4 13. Bc2 e5 14. f3 Bh3 15. Ng2 exd4 16. fxe4 dxe3 17. exd5 Qxd5 18. Qf3 Bxg2 19. Qxg2 Qxg2+ 20. Kxg2 exd2 21. hxg6 Rg8 22. Rf2 0-0-0 23. Rd1 hxg6 24. Rdxd2 Rxd2 25. Rxd2 Kc7 0-1

[Event "GER-ch Seniors-A 20th"]
[Site "Erfurt"]
[Date "2008.08.09"]
[Round "5"]
[White "Cotenescu, Daniel"]
[Black "Jugow, Alexander"]
[Result "0-1"]
[WhiteElo "1835"]
[BlackElo "2068"]
[PlyCount "73"]
[EventDate "2008.08.05"]
[EventType "swiss"]
[EventRounds "9"]
[EventCountry "GER"]
[SourceTitle "CBM 126 Extra"]
[Source "ChessBase"]
[SourceDate "2008.11.05"]
[SourceVersion "1"]
[SourceVersionDate "2008.11.05"]
[SourceQuality "1"]

1. Nf3 d5 2. c4 d4 3. b4 f6 4. e4 Bg4 5. d3 e5 6. a3 a5 7. bxa5 Rxa5 8. Bd2 Ra7 9. Be2 Nc6 10. 0-0 Bc5 11. Nh4 Be6 12. Bg4 Bf7 13. Nf5 Kf8 14. Ra2 h5 15. Bh3 g6 16. Ng3 g5 17. Bf5 Nge7 18. Re1 h4 19. Nf1 Nxf5 20. exf5 Bh5 21. f3 Qd7 22. g4 hxg3 23. Nxg3 Qh7 24. Bc1 b6 25. Rf2 Ne7 26. Qe2 Be8 27. Bxg5 Nxf5 28. Bxf6 Rg8 29. Qxe5 Bd7 30. Qf4 Qf7 31. Be5 Be7 32. Kf1 Bg5 33. Qe4 Be3 34. Rfe2 Nxg3+ 35. Bxg3 Bf5 36. Qd5 Bxd3 37. Qd8+ 0-1

[Event "GER-ch Seniors-A 20th"]
[Site "Erfurt"]
[Date "2008.08.08"]
[Round "4"]
[White "Jugow, Alexander"]
[Black "Kuehn, Peter1111"]
[Result "0-1"]
[WhiteElo "2068"]
[BlackElo "1913"]
[PlyCount "74"]
[EventDate "2008.08.05"]
[EventType "swiss"]
[EventRounds "9"]
[EventCountry "GER"]
[SourceTitle "CBM 126 Extra"]
[Source "ChessBase"]
[SourceDate "2008.11.05"]
[SourceVersion "1"]
[SourceVersionDate "2008.11.05"]
[SourceQuality "1"]

1. d4 f5 2. e4 fxe4 3. Nc3 Nf6 4. Bg5 Nc6 5. d5 Ne5 6. Qd4 Nf7 7. h4 c6 8. Bxf6 exf6 9. Qxe4+ Qe7 10. 0-0-0 Qxe4 11. Nxe4 d6 12. Bc4 Ne5 13. Bb3 c5 14. f4 Ng4 15. Re1 Kd8 16. Nf3 Be7 17. Re2 Re8 18. Rhe1 Bd7 19. c4 Bf8 20. Bc2 b5 21. Nfd2 a6 22. Ng3 Rxe2 23. Rxe2 g6 24. h5 f5 25. Re1 Bh6 26. hxg6 hxg6 27. Rh1 Bxf4 28. Rh8+ Be8 29. Bxf5 gxf5 30. Nxf5 Ra7 31. Rh4 Nf2 32. Kc2 Be5 33. Nf3 Bg6 34. Nxe5 Bxf5+ 35. Kd2 dxe5 36. Ke2 Ne4 37. g4 Bg6 0-1

[Event "GER-ch Seniors-A 20th"]
[Site "Erfurt"]
[Date "2008.08.05"]
[Round "1"]
[White "Bernhoeft, Erhard"]
[Black "Jugow, Alexander"]
[Result "0-1"]
[WhiteElo "1934"]
[BlackElo "2068"]
[PlyCount "52"]
[EventDate "2008.08.05"]
[EventType "swiss"]
[EventRounds "9"]
[EventCountry "GER"]
[SourceTitle "CBM 126 Extra"]
[Source "ChessBase"]
[SourceDate "2008.11.05"]
[SourceVersion "1"]
[SourceVersionDate "2008.11.05"]
[SourceQuality "1"]

1. Nf3 d5 2. g3 c5 3. Bg2 Nc6 4. d4 Bg4 5. Ne5 Bf5 6. Nxc6 bxc6 7. 0-0 e6 8. c4 Qa5 9. Nc3 Nf6 10. Bd2 Qa6 11. cxd5 cxd5 12. dxc5 Bxc5 13. Qa4+ Qxa4 14. Nxa4 Bd6 15. Rfc1 Ke7 16. Rc6 Rhc8 17. Rac1 Rxc6 18. Rxc6 Rb8 19. b3 Rb7 20. f3 d4 21. Nc5 Rb6 22. Rxb6 Bxc5 23. e3 Bxb6 24. Bb4+ Kd7 25. Kf2 e5 26. g4 Bg6 0-1

[Event "Berlin-ch Seniors op 23rd"]
[Site "Berlin"]
[Date "2007.02.11"]
[Round "7"]
[White "Augustat, Siegfried"]
[Black "Jugow, Alexander"]
[Result "0-1"]
[WhiteElo "1737"]
[BlackElo "2119"]
[PlyCount "104"]
[EventDate "2007.02.05"]
[EventType "swiss"]
[EventRounds "9"]
[EventCountry "GER"]
[SourceTitle "EXT 2022"]
[Source "ChessBase"]
[SourceDate "2021.10.06"]
[SourceVersion "1"]
[SourceVersionDate "2021.10.06"]
[SourceQuality "1"]

1. e4 c5 2. c3 d5 3. exd5 Qxd5 4. d4 Nf6 5. Nf3 g6 6. Na3 Bg7 7. Bc4 Qe4+ 8. Qe2 cxd4 9. Bxf7+ Kf8 10. Bc4 Qxe2+ 11. Kxe2 dxc3 12. Nb5 Ne4 13. Nxc3 Nxc3+ 14. bxc3 Bxc3 15. Rb1 Kg7 16. Rb3 Bf6 17. Rd1 Nc6 18. Bd5 Rd8 19. Be3 Rxd5 20. Rxd5 Be6 21. Rdb5 Bxb3 22. Rxb3 b6 23. Ra3 Rd8 24. Ra4 Rd7 25. h3 e5 26. Nd2 Kf7 27. g4 Ke6 28. Re4 Rd5 29. Ra4 Rb5 30. Kd1 Kd5 31. Ne4 Ke6 32. Nc3 Ra5 33. Rxa5 Nxa5 34. Nb5 Nc6 35. Nc3 Nd4 36. g5 Be7 37. f4 Nf5 38. Bc1 Bd6 39. fxe5 Kxe5 40. Ke2 Bb4 41. Nd1 Bc5 42. Kd3 Nd6 43. Nb2 Kf5 44. Ke2 Ne4 45. h4 Nc3+ 46. Kf3 Nxa2 47. Bd2 Nb4 48. Kg3 b5 49. Nd1 Nd5 50. Nb2 Ke4 51. Kg4 Bd4 52. Bc1 Be3 0-1

[Event "Berlin Lichtenberger op 6th"]
[Site "Berlin"]
[Date "2007.??.??"]
[Round "?"]
[White "Popp, Michael"]
[Black "Jugow, Alexander"]
[Result "0-1"]
[WhiteElo "2069"]
[BlackElo "2223"]
[PlyCount "66"]
[EventDate "2007.08.18"]
[EventType "swiss"]
[EventRounds "9"]
[EventCountry "GER"]
[SourceTitle "CBM 120 Extra"]
[Source "ChessBase"]
[SourceDate "2007.11.01"]
[SourceVersion "1"]
[SourceVersionDate "2007.11.01"]
[SourceQuality "1"]

1. e4 c5 2. Nc3 Nc6 3. f4 g6 4. Nf3 Bg7 5. Bb5 Nd4 6. Bc4 d6 7. Ng5 e6 8. 0-0 Ne7 9. d3 0-0 10. Ne2 b5 11. Bb3 a5 12. c3 Nxe2+ 13. Qxe2 a4 14. Bd1 b4 15. e5 dxe5 16. fxe5 Ba6 17. c4 a3 18. Ne4 Bxe5 19. Nf6+ Bxf6 20. Rxf6 Nf5 21. Bg5 Qd4+ 22. Kh1 axb2 23. Rb1 h6 24. Rxf5 exf5 25. Bxh6 Rfe8 26. Qf1 Rad8 27. Ba4 Re6 28. Rd1 Qh4 29. Bf4 Bb7 30. Bg3 Qg4 31. Qf2 Re2 32. Qxc5 Rxg2 33. Qc7 Rd2+ 0-1

[Event "GER-chT Betriebe"]
[Site "Berlin"]
[Date "2006.10.06"]
[Round "3.4"]
[White "Herrmann, Eberhard"]
[Black "Jugow, Alexander"]
[Result "0-1"]
[WhiteElo "1771"]
[BlackElo "2233"]
[PlyCount "58"]
[EventDate "2006.10.05"]
[EventType "team-tourn"]
[EventRounds "7"]
[EventCountry "GER"]
[SourceTitle "EXT 2007"]
[Source "ChessBase"]
[SourceDate "2006.11.23"]
[SourceVersion "1"]
[SourceVersionDate "2006.11.23"]
[SourceQuality "1"]
[WhiteTeam "SG TaxiTeam/Wiheil"]
[BlackTeam "SK Praesident II"]
[WhiteTeamCountry "GER"]
[BlackTeamCountry "GER"]

1. e4 c5 2. Nf3 e6 3. d4 cxd4 4. Nxd4 a6 5. Bd3 Nf6 6. 0-0 Qc7 7. Bg5 Bc5 8. c3 Nc6 9. Be3 Qb6 10. Nxc6 Bxe3 11. Nb4 Bc5 12. Qb3 Ng4 13. h3 Nxf2 14. Kh2 Qd6+ 15. g3 Nxd3 16. Rd1 Bxb4 17. cxb4 Qxb4 18. Qxd3 Qxb2+ 19. Nd2 0-0 20. Kh1 d5 21. exd5 exd5 22. Qxd5 Be6 23. Qf3 Rad8 24. Qe3 Rfe8 25. Qg5 h6 26. Qf4 Bd5+ 27. Kg1 Re2 28. Nf3 Rg2+ 29. Kh1 Rh2+ 0-1

[Event "Berlin Lichtenberger op 5th"]
[Site "Berlin"]
[Date "2006.08.24"]
[Round "6"]
[White "Jugow, Alexander"]
[Black "Schulz, Volker"]
[Result "1/2-1/2"]
[WhiteElo "2219"]
[BlackElo "2175"]
[PlyCount "44"]
[EventDate "2006.08.19"]
[EventType "swiss"]
[EventRounds "9"]
[EventCountry "GER"]
[SourceTitle "CBM 113 Extra"]
[Source "ChessBase"]
[SourceDate "2006.09.14"]
[SourceVersion "1"]
[SourceVersionDate "2006.09.14"]
[SourceQuality "1"]

1. d4 g6 2. e4 Bg7 3. Nc3 d6 4. f4 c6 5. Nf3 Nf6 6. Bd3 0-0 7. 0-0 Nbd7 8. e5 dxe5 9. fxe5 Nd5 10. Nxd5 cxd5 11. Qe1 Qb6 12. Kh1 f6 13. b3 fxe5 14. dxe5 Nxe5 15. Nxe5 Rxf1+ 16. Bxf1 Qd4 17. Ba3 Bxe5 18. Rd1 Qc3 19. Qxc3 Bxc3 20. Rxd5 Be6 21. Rc5 Bf6 22. Rc7 Rc8 1/2-1/2

[Event "Berlin Lichtenberger op 5th"]
[Site "Berlin"]
[Date "2006.08.19"]
[Round "1"]
[White "Kujawa, Werner"]
[Black "Jugow, Alexander"]
[Result "0-1"]
[WhiteElo "1871"]
[BlackElo "2219"]
[PlyCount "80"]
[EventDate "2006.08.19"]
[EventType "swiss"]
[EventRounds "9"]
[EventCountry "GER"]
[SourceTitle "CBM 113 Extra"]
[Source "ChessBase"]
[SourceDate "2006.09.14"]
[SourceVersion "1"]
[SourceVersionDate "2006.09.14"]
[SourceQuality "1"]

1. e4 c5 2. c3 d5 3. exd5 Qxd5 4. d4 Nf6 5. Nf3 g6 6. Be2 Bg7 7. 0-0 0-0 8. dxc5 Qxc5 9. Be3 Qc7 10. h3 Rd8 11. Nbd2 Nc6 12. Qa4 Nd5 13. Qh4 Nxe3 14. fxe3 h6 15. Nb3 Bf5 16. Nfd4 Nxd4 17. Nxd4 g5 18. Qf2 Bg6 19. Rad1 e6 20. Bg4 Qb6 21. h4 gxh4 22. Bh3 Rd6 23. Kh1 Rad8 24. Bg4 h5 25. Bf3 e5 26. Nb3 Rxd1 27. Bxd1 Rd7 28. Qxh4 Qxe3 29. Bxh5 Qh6 30. g4 Be4+ 31. Kh2 Qe3 32. Qf2 Qf4+ 33. Qxf4 exf4 34. Re1 Bc6 35. g5 Rd5 36. Re7 Rxg5 37. Bxf7+ Kf8 38. Rc7 Be5 39. Rxc6 bxc6 40. Bc4 f3+ 0-1

[Event "Brandenburg-ch Seniors 22nd"]
[Site "Berlin"]
[Date "2006.02.27"]
[Round "7"]
[White "Jugow, Alexander"]
[Black "Shapiro, Yosip"]
[Result "1-0"]
[WhiteElo "2121"]
[BlackElo "2000"]
[PlyCount "101"]
[EventDate "2006.02.20"]
[EventType "swiss"]
[EventRounds "9"]
[EventCountry "GER"]
[SourceTitle "EXT 2007"]
[Source "ChessBase"]
[SourceDate "2006.11.23"]
[SourceVersion "1"]
[SourceVersionDate "2006.11.23"]
[SourceQuality "1"]

1. d4 d5 2. c4 c6 3. Nf3 Nf6 4. Nc3 dxc4 5. e4 b5 6. e5 Nd5 7. a4 e6 8. Qc2 Bb7 9. Be2 a6 10. Ne4 f5 11. exf6 Bb4+ 12. Kf1 gxf6 13. Bh6 Qe7 14. Rd1 Nd7 15. Ne5 0-0-0 16. Nf3 Kb8 17. Bd2 h5 18. b3 Bxd2 19. Nfxd2 f5 20. Nc3 Qb4 21. Nxd5 cxd5 22. bxc4 dxc4 23. Rb1 Qa5 24. axb5 axb5 25. Bf3 Bxf3 26. Nxc4 Be4 27. Qxe4 fxe4 28. Nxa5 Kc7 29. Ke2 Kb6 30. Nc4+ Kc6 31. Na3 Ra8 32. Rhc1+ Kd6 33. Nxb5+ Ke7 34. Nc3 Rhg8 35. g3 Nf6 36. Rb7+ Kf8 37. h3 Rg7 38. Rcb1 Ra3 39. Rb8+ Kf7 40. R1b3 Ra1 41. Rb1 Ra7 42. Ke3 Nd5+ 43. Nxd5 exd5 44. Kf4 Ra2 45. R1b2 Rxb2 46. Rxb2 Rg8 47. Rb7+ Ke6 48. Rb6+ Ke7 49. Rh6 Rf8+ 50. Ke5 Rxf2 51. Kxd5 1-0

[Event "Brandenburg-ch Seniors 22nd"]
[Site "Berlin"]
[Date "2006.02.23"]
[Round "4"]
[White "Lueders, Gerhard"]
[Black "Jugow, Alexander"]
[Result "1-0"]
[WhiteElo "2154"]
[BlackElo "2121"]
[PlyCount "91"]
[EventDate "2006.02.20"]
[EventType "swiss"]
[EventRounds "9"]
[EventCountry "GER"]
[SourceTitle "EXT 2007"]
[Source "ChessBase"]
[SourceDate "2006.11.23"]
[SourceVersion "1"]
[SourceVersionDate "2006.11.23"]
[SourceQuality "1"]

1. Nf3 d5 2. c4 d4 3. e4 Nc6 4. d3 e5 5. g3 Be7 6. Bg2 Bg4 7. h3 Be6 8. Na3 f6 9. Nc2 Qd7 10. 0-0 h5 11. Kh2 g5 12. Nfe1 Nh6 13. Rh1 Kf8 14. Kg1 Kg7 15. a3 a5 16. b3 Nf7 17. Bd2 f5 18. exf5 Bxf5 19. b4 axb4 20. axb4 Rxa1 21. Qxa1 Bf6 22. b5 Ncd8 23. Nb4 Kg6 24. Nd5 Bg7 25. Qa3 Re8 26. Bb4 Nd6 27. b6 c5 28. Bxc5 N8f7 29. Nc7 Rc8 30. Bxd6 Nxd6 31. c5 Nb5 32. Nxb5 Qxb5 33. g4 hxg4 34. hxg4 Bxg4 35. c6 Rxc6 36. Qe7 Qb1 37. Be4+ Bf5 38. Bxc6 bxc6 39. Qe8+ Kf6 40. Qxc6+ Be6 41. Kh2 e4 42. b7 Qb2 43. Rf1 exd3 44. Nxd3 Qe2 45. b8Q Qxd3 46. Re1 1-0

[Event "EU-ch Seniors 05th"]
[Site "Bad Homburg"]
[Date "2005.??.??"]
[Round "3"]
[White "Selg, Rudolf"]
[Black "Jugow, Alexander"]
[Result "0-1"]
[WhiteElo "2030"]
[BlackElo "2179"]
[PlyCount "48"]
[EventDate "2005.06.25"]
[EventType "swiss"]
[EventRounds "9"]
[EventCountry "GER"]
[SourceTitle "EXT 2006"]
[Source "ChessBase"]
[SourceDate "2005.11.24"]
[SourceVersion "1"]
[SourceVersionDate "2005.11.24"]
[SourceQuality "1"]

1. e4 c5 2. Nf3 e6 3. d4 cxd4 4. Nxd4 a6 5. Nc3 Qc7 6. Be3 Nf6 7. f3 b5 8. Bd3 Bb7 9. Nde2 d6 10. Qd2 Nbd7 11. 0-0-0 Be7 12. g4 Nc5 13. Ng3 Nfd7 14. f4 b4 15. Nce2 b3 16. a3 bxc2 17. Qxc2 Nxd3+ 18. Rxd3 Qxc2+ 19. Kxc2 Nf6 20. Nc3 0-0 21. Nh5 e5 22. fxe5 dxe5 23. Bb6 Rfc8 24. Kb1 Rxc3 0-1

[Event "GER-chA Seniors 16th"]
[Site "Templin"]
[Date "2004.09.10"]
[Round "7"]
[White "Jugow, Alexander"]
[Black "Just, Joachim"]
[Result "0-1"]
[WhiteElo "2233"]
[BlackElo "2141"]
[PlyCount "160"]
[EventDate "2004.09.04"]
[EventType "swiss"]
[EventRounds "9"]
[EventCountry "GER"]
[SourceTitle "EXT 2005"]
[Source "ChessBase"]
[SourceDate "2004.11.15"]
[SourceVersion "1"]
[SourceVersionDate "2004.11.15"]
[SourceQuality "1"]

1. d4 e6 2. e4 d5 3. Nd2 dxe4 4. Nxe4 Bd7 5. Nf3 Bc6 6. Bd3 Nd7 7. Qe2 Ndf6 8. 0-0 Nxe4 9. Bxe4 Bxe4 10. Qxe4 c6 11. Re1 Nf6 12. Qd3 Be7 13. Bf4 Qb6 14. c4 Rd8 15. Qc2 0-0 16. a3 a5 17. Bd2 Ra8 18. Re3 Rfd8 19. Rae1 Bf8 20. Bc3 a4 21. Ne5 c5 22. dxc5 Bxc5 23. Rh3 Bd4 24. Bb4 Bc5 25. Bc3 Bd4 26. Bb4 Bc5 27. Nd3 Bxb4 28. Nxb4 Rac8 29. Rc3 Qa5 30. h3 Rc7 31. Nd3 Rcd7 32. Re5 Qc7 33. f4 Rd4 34. Nf2 Rxf4 35. Rb5 Rfd4 36. Qxa4 Rd2 37. Rf3 h6 38. Qb4 R8d7 39. Qc3 R7d4 40. b3 Qd7 41. Qe3 Qc7 42. Qe5 Qxe5 43. Rxe5 Kf8 44. Rb5 Rd7 45. Kf1 Ra2 46. a4 Rdd2 47. Re5 Ke7 48. Re1 h5 49. g3 Rdb2 50. Nd1 Rd2 51. Rf2 Nd7 52. Rxd2 Rxd2 53. Nf2 Rb2 54. Re3 Nc5 55. Ke1 Rxb3 56. Re5 Rb1+ 57. Ke2 Rb2+ 58. Ke3 Nxa4 59. Rxh5 Rb3+ 60. Kd4 Nc3 61. g4 b6 62. Rh8 f6 63. Rb8 e5+ 64. Kd3 Na4+ 65. Ke2 Nc5 66. Rg8 Kf7 67. Rb8 g6 68. h4 f5 69. gxf5 gxf5 70. h5 Kg7 71. Rd8 Rb2+ 72. Kf3 Kh6 73. Rh8+ Kg7 74. Rc8 Rb3+ 75. Kg2 e4 76. Nh3 Rb2+ 77. Kf1 Nd3 78. Rc6 Rb1+ 79. Ke2 Rb2+ 80. Ke3 Rg2 0-1

[Event "GER-chA Seniors 16th"]
[Site "Templin"]
[Date "2004.09.09"]
[Round "6"]
[White "Schlag, Franz"]
[Black "Jugow, Alexander"]
[Result "0-1"]
[WhiteElo "2117"]
[BlackElo "2233"]
[PlyCount "82"]
[EventDate "2004.09.04"]
[EventType "swiss"]
[EventRounds "9"]
[EventCountry "GER"]
[SourceTitle "EXT 2005"]
[Source "ChessBase"]
[SourceDate "2004.11.15"]
[SourceVersion "1"]
[SourceVersionDate "2004.11.15"]
[SourceQuality "1"]

1. e4 c5 2. Nc3 d6 3. f4 Nc6 4. Nf3 g6 5. Bc4 Bg7 6. Ne2 Nf6 7. d3 0-0 8. c3 a6 9. Bb3 b5 10. Ng3 Bb7 11. Qe2 e6 12. 0-0 a5 13. Ng5 Qe7 14. f5 exf5 15. exf5 Qxe2 16. Nxe2 Rae8 17. Ng3 Ne5 18. fxg6 hxg6 19. Bf4 a4 20. Bc2 Nd5 21. N5e4 Nxf4 22. Nxd6 Nfxd3 23. Nxb7 Nxb2 24. Nxc5 Rc8 25. Nce4 f5 26. Rab1 Nec4 27. Ng5 Bxc3 28. Ne6 Rfe8 29. Nf4 Bd4+ 30. Kh1 Nd2 31. Bd3 Nxf1 32. Nxf1 g5 33. Bxb5 gxf4 34. Bxe8 Rxe8 35. Nd2 a3 36. Nf3 Be3 37. Nh4 Re5 38. h3 Kf7 39. Rf1 Kf6 40. Rf3 Rd5 41. Rf1 Rd1 0-1